Kitab Hujjah balighah 'ala jama'ah mukhasamah karangan Jalal al-Din al-Ashi : transliterasi teks dan analisis terhadap konsep al-bayyinah /
محفوظ في:
| المؤلف الرئيسي: | |
|---|---|
| التنسيق: | أطروحة كتاب |
| اللغة: | Malay |
| منشور في: |
2018.
|
| الموضوعات: | |
| الوصول للمادة أونلاين: | http://studentsrepo.um.edu.my/13950/ |
| الوسوم: |
إضافة وسم
لا توجد وسوم, كن أول من يضع وسما على هذه التسجيلة!
|
| LEADER | 01646cam a2200349 i 4500 | ||
|---|---|---|---|
| 001 | u1089314 | ||
| 003 | SIRSI | ||
| 005 | 201807181557 | ||
| 008 | 180718s2018 my a m 000 0 may | ||
| 040 | |a UMA |d UMM |d AUM |e rda | ||
| 094 | |a BP42 |b A1 UM 2018 Sitnih | ||
| 100 | 0 | |a Siti Nuur Izzati Hussin, |e author. | |
| 245 | 1 | 0 | |a Kitab Hujjah balighah 'ala jama'ah mukhasamah karangan Jalal al-Din al-Ashi : |b transliterasi teks dan analisis terhadap konsep al-bayyinah / |c Siti Nuur Izzati binti Hussin. |
| 264 | 1 | |c 2018. | |
| 300 | |a xv, 219 leaves : |b illustrations ; |c 30 cm. | ||
| 336 | |a text |2 rdacontent | ||
| 337 | |a unmediated |2 rdamedia | ||
| 337 | |a computer |2 rdamedia | ||
| 338 | |a volume |2 rdacarrier | ||
| 338 | |a computer disc |2 rdacarrier | ||
| 502 | |b M.Syariah |c Jabatan Fiqh dan Usul, Akademi Pengajian Islam, Universiti Malaya |d 2018. | ||
| 504 | |a Bibliography: leaves 206-213. | ||
| 530 | |a Also issued in CD. | ||
| 650 | 0 | |a Evidence (Islamic law) |x Interpretation and construction. | |
| 650 | 0 | |a Islamic law |x Interpretation and construction. | |
| 710 | 2 | |a Universiti Malaya. |b Jabatan Fiqh dan Usul, |e degree granting institution. | |
| 856 | 4 | 1 | |u http://studentsrepo.um.edu.my/13950/ |
| 596 | |a 1 12 25 | ||
| 900 | |a NSM | ||
| 999 | |a BP42 A1 UM 2018 SITNIH |w LC |c 1 |i A516999067 |d 19/9/2018 |f 19/9/2018 |g 1 |l STACKS |m P01UTAMA |r Y |s Y |t TESIS |u 19/9/2018 |1 AHSS | ||
| 999 | |a BP42 A1 UM 2018 SITNIH |w LC |c 1 |i A517099087 |d 16/6/2019 |e 15/5/2019 |f 16/10/2018 |g 1 |l STACKS |m P12ISLAMKL |n 1 |q 1 |r Y |s Y |t TESIS |u 16/10/2018 |1 AHSS | ||
| 999 | |a BP42 A1 UM 2018 SITNIH |w LC |c 1 |i A517298321 |f 15/9/2022 |g 1 |l STACKS |m P25UMARCHI |r N |s Y |t CD |u 15/9/2022 |1 AHSS |o .STAFF. MST-CD802 | ||
